| 000 | 00630nam a2200193 a 4500 | ||
|---|---|---|---|
| 005 | 20240228064303.0 | ||
| 008 | 170621s2011 mx r 000 0 spa d | ||
| 020 | _a9788526016125 | ||
| 035 | _aUPN01000219032 | ||
| 049 | _aI | ||
| 050 | 4 |
_aPZ83 _bC3.5 |
|
| 100 | 1 |
_aCampos de Queirós, Bartolomeu, _d1944-2012 _930796 |
|
| 245 | 1 | 0 |
_aFlora / _cBartolomeu Campos de Queirós ; il. Ellen Pestili ; tr. Alberto Jiménez Rioja. |
| 260 |
_aSâo Paulo, Br. : _bGlobal, _c2011. |
||
| 300 |
_a34 p. : _bil. col. |
||
| 650 | 4 |
_aLITERATURA INFANTIL BRASILEÑA _911916 |
|
| 650 | 4 |
_aLibros y lectura para niños _92290 |
|
| 905 | _aInfantil | ||
| 999 |
_c191132 _d191132 |
||